000
00235nam a2200097Ia 4500
001
1179125
005
20250827012757.0
008
250824s9999 xx 000 0 und d
245
0
_a
SÜTÇÜ İMAM
_c
CAHİT ZARİFOĞLU
260
_b
KETEBE
999
_c
1179125
_d
1179125